صيحة في سبيل العربية : مقالات من أجل نهضة العربية و ثقافتها / (رقم التسجيلة. 129571)
[ عرض عادي ]
| 000 -LEADER | |
|---|---|
| fixed length control field | 00683nam a22001937a 4500 |
| 005 - DATE AND TIME OF LATEST TRANSACTION | |
| control field | 20251108175237.0 |
| 008 - FIXED-LENGTH DATA ELEMENTS--GENERAL INFORMATION | |
| fixed length control field | 250721s2014 xx 000 0 ara d |
| 082 14 - DEWEY DECIMAL CLASSIFICATION NUMBER | |
| Classification number | 814/طنا |
| 100 1# - MAIN ENTRY--PERSONAL NAME | |
| Personal name | الطناحي، محمود محمد |
| 245 10 - TITLE STATEMENT | |
| Title | صيحة في سبيل العربية : مقالات من أجل نهضة العربية و ثقافتها / |
| 264 1# - PRODUCTION, PUBLICATION, DISTRIBUTION, MANUFACTURE, AND COPYRIGHT NOTICE | |
| Place of production, publication, distribution, manufacture | عمان : |
| Name of producer, publisher, distributor, manufacturer | أروقة للدراسات و النشر، |
| Date of production, publication, distribution, manufacture, or copyright notice | 2014. |
| 300 ## - PHYSICAL DESCRIPTION | |
| Extent | 357ص. |
| 650 17 - SUBJECT ADDED ENTRY--TOPICAL TERM | |
| Topical term or geographic name as entry element | المقالات الادبية |
| 650 17 - SUBJECT ADDED ENTRY--TOPICAL TERM | |
| Topical term or geographic name as entry element | الادب العربي |
| 650 17 - SUBJECT ADDED ENTRY--TOPICAL TERM | |
| Topical term or geographic name as entry element | النهضة العربية |
| 700 1# - ADDED ENTRY--PERSONAL NAME | |
| Personal name | عبد الرحيم، أحمد |
| Relator term | محرر |
| 942 ## - ADDED ENTRY ELEMENTS (KOHA) | |
| Source of classification or shelving scheme | Dewey Decimal Classification |
| Koha item type | كتب |
| حالة السحب | حالة الفقدان | مصدر التصنيف | حالة التلف | غير قابل للإعارة | المكتبة الرئيسية | المكتبة الحالية | موقع الرف | تاريخ التزويد | الرقم المتسلسل | Total Checkouts | رقم الإستدعاء | الباركود | تاريخ آخر ظهور | تاريخ الفاتورة | نوع المادة (كوها) |
|---|---|---|---|---|---|---|---|---|---|---|---|---|---|---|---|
| Dewey Decimal Classification | المكتبة المركزية | المكتبة المركزية | الإعارة | 28/07/2025 | 1573737 | 814/طنا | PLD00301277 | 28/07/2025 | 28/07/2025 | كتب | |||||
| Dewey Decimal Classification | مكتبة أم قصير والمقابلين العامة | مكتبة أم قصير والمقابلين العامة | الإعارة | 19/05/2014 | 1573746 | 814/طنا | PLD00301422 | 28/07/2025 | 19/05/2014 | كتب | |||||
| Dewey Decimal Classification | مكتبة الاميرة بديعة | مكتبة الاميرة بديعة | الإعارة | 19/05/2014 | 1573741 | 814/طنا | PLD00301417 | 28/07/2025 | 19/05/2014 | كتب | |||||
| Dewey Decimal Classification | مكتبة الجويدة | مكتبة الجويدة | الإعارة | 19/05/2014 | 1573742 | 814/طنا | PLD00301418 | 28/07/2025 | 19/05/2014 | كتب | |||||
| Dewey Decimal Classification | مكتبة الحسن العامة | مكتبة الحسن العامة | الإعارة | 19/05/2014 | 1573740 | 814/طنا | PLD00301416 | 28/07/2025 | 19/05/2014 | كتب | |||||
| Dewey Decimal Classification | مكتبة النصر العامة | مكتبة النصر العامة | الإعارة | 19/05/2014 | 1573743 | 814/طنا | PLD00301419 | 28/07/2025 | 19/05/2014 | كتب | |||||
| Dewey Decimal Classification | مكتبة حمزة العامة | مكتبة حمزة العامة | الإعارة | 19/05/2014 | 1573744 | 814/طنا | PLD00301420 | 28/07/2025 | 19/05/2014 | كتب | |||||
| Dewey Decimal Classification | مكتبةمؤتة | مكتبةمؤتة | الإعارة | 19/05/2014 | 1573745 | 814/طنا | PLD00301421 | 28/07/2025 | 19/05/2014 | كتب |